Statistics for Top ten Hymns - Songs of Praise UK

Click here to take the quiz!

General Stats

  • This quiz has been taken 56 times
  • The average score is 3 of 10

Answer Stats

HintAnswer% Correct
Oh Lord my GodHow Great Thou Art
75%
Fast falls the eventideAbide with me
61%
Where there is hatred let me bring Your loveMake me a channel of Thy Peace
31%
Forgive our foolish waysDear Lord and Father of Mankind
29%
Is it I, Lord?Here I am, Lord
24%
Amazing love!And Can It Be
22%
The Holy One is hereBe still, for the presence of the Lord
22%
I place my trustIn Christ Alone
18%
The darkness falls at Thy behestThe Day Thou Gavest, Lord, Is Ended
18%
Pilgrim through this barren landGuide me, oh Thou great redeemer
16%

Score Distribution

Percentile by Number Answered

Percent of People with Each Score

Your Score History

You have not taken this quiz